MARC

LEADER 00000nab a2200000 4500
001 vtls011780548
003 SK-MaSNL
005 20260318124334.0
008 180924c2018 xo zr|n || ||00 c0ukr
015 |a SNBRB2018/09 
038 |a SVKPOCL 
040 |a SVKPOCL  |b slo  |c SVKPOCL  |e rda 
041 0 |a ukr 
043 |a e-xo---  |a e-un--- 
044 |a xo  |c SK 
072 7 |a 74  |x Kresba. Umelecké remeslá  |2 konspekt 
072 7 |a 373.2/.3  |x Predškolská a primárna výchova a vzdelávanie  |2 konspekt 
080 |a 746.3:069.9  |2 2011 
080 |a 316.7  |2 2011 
080 |a (437.671)  |2 2011 
080 |a (477)  |2 2011 
080 |a 785.6:373.21  |2 2011 
100 1 |a -ia-  |4 aut  |9 1208132 
245 1 0 |a Svjato ukrajins'koji vyšyvanky u školi  |c [autor] -ia- 
300 |b Fotografie 
336 |a text  |b txt  |2 rdacontent 
337 |a bez média  |b n  |2 rdamedia 
338 |a zväzok  |b nc  |2 rdacarrier 
500 |a V rubrike Kuľtura 
600 1 7 |a Muška, Jurij Jurijovyč,  |d 1964-  |2 svkpocl  |9 1324250 
600 1 7 |a Majerský, Milan,  |d 1971-  |2 svkpocl  |9 690520 
600 1 7 |a Forman, Ján  |2 svkpocl  |9 1171739 
600 1 7 |a Kužma, Štefan,  |d 1958-  |2 SNKMA  |9 248754 
600 1 7 |a Portik, Milan,  |d 1950-  |2 svkpocl  |9 134187 
600 1 7 |a Andrejčák, Igor,  |d 1961-  |2 svkpocl  |9 1327102 
610 2 7 |a Prešovský samosprávny kraj (Slovensko)  |2 SNKKA  |9 306008 
610 2 7 |a Spojená škola Tarasa Ševčenka s vyučovacím jazykom ukrajinským (Prešov, Slovensko)  |2 SNKKAbucl  |9 100174 
648 7 |a 24.5.2018  |2 svkpocl  |9 1327103 
650 0 7 |a výšivky  |2 SNKPH  |9 3102 
650 0 7 |a výstavy  |2 SNKPH  |9 2780 
650 0 7 |a základné školy  |2 SNKPH  |9 1280 
651 7 |a Prešov (Slovensko)  |2 SNKPHgeo  |9 17347 
651 7 |a Slovensko  |2 SNKPH  |9 14231 
773 0 |t Nove žyttja  |g Roč. 68, č. 11 (2018), s. 4 
852 |a SVKPO  |b KIS3GCP 
958 |a UK 
958 |a SS 
958 |a SK 
958 |a RN 
999 |c 2681737  |d 2683667